| 000 | 01251cam a2200205 4500 | ||
|---|---|---|---|
| 001 | WB3909-24 | ||
| 008 | 030304n2003 000 0 eng u | ||
| 035 | _a(Sirsi) u121495 | ||
| 245 | _aHave your say on rural delivery | ||
| 260 | _c2003 | ||
| 490 |
_aDEFRA News Release _v(74/03) 28 February 2003 (2) |
||
| 520 | _aDEFRA is inviting the public to present their views on improving the delivery of government's rural policies. This is part of Lord Haskins' independent review, announced November 2002. The consultation document for both stakeholders and customers is available on the website at http://www.defra.gov.uk/corporate/consult/ruraldelrev/index.htm. Further information can be found at: http://www.defra.gov.uk/erdp/reviews/ruraldelivery/default.htm. Hard copies of the consultation document are also available from the Rural Delivery Review Team on t 020 7238 6380 or c/o Defra, Room 303, Ergon House, Horseferry Road, London SW1P 2AL. The deadline for consultation responses is 23 May 2003. DEFRA News Release http://www.defra.gov.uk/news/2003/03228a.htm | ||
| 590 | _aWB | ||
| 650 | _aRURAL ISSUES | ||
| 650 | _aGOVERNMENT POLICY | ||
| 650 | _aPUBLIC CONSULTATIONS | ||
| 650 | _aENGLAND | ||
| 690 |
_aRural _96268 |
||
| 942 | _n0 | ||
| 999 |
_c72205 _d72205 |
||